logo

Bir Sreshtho Munshi Abdur Rouf Library
Jhenaidah Cadet College

লোকে কি বলবে / (Record no. 11549)

MARC details
000 -LEADER
fixed length control field 00694nam a2200241 a 4500
001 - CONTROL NUMBER
JCCL Control Number 11549
003 - CONTROL NUMBER IDENTIFIER
JCCL marc code BD-JhCC
005 - DATE AND TIME OF LATEST TRANSACTION
control field 20221124134023.0
008 - FIXED-LENGTH DATA ELEMENTS--GENERAL INFORMATION
fixed length control field 200328s2020 bg a|||| ||a| 000 0 ben d
020 ## - INTERNATIONAL STANDARD BOOK NUMBER
International Standard Book Number 9789848040911
035 ## - SYSTEM CONTROL NUMBER
system control number (BD-JhCC)11549
040 ## - CATALOGING SOURCE
Original cataloging agency BD-JhCC
Modifying agency BD-JhCC
041 ## - LANGUAGE CODE
Language code of Book ben
082 ## - DEWEY DECIMAL CLASSIFICATION NUMBER
Author mark and Year SAD 2020
Classification number 158
100 ## - MAIN ENTRY--PERSONAL NAME
Personal name সাদিক, আয়মান
245 ## - TITLE STATEMENT
Title লোকে কি বলবে /
Statement of responsibility, etc আয়মান সাদিক ।
260 ## - PUBLICATION, DISTRIBUTION, ETC. (IMPRINT)
Place of publication, distribution, etc ঢাকা:
Name of publisher, distributor, etc আদর্শ;
Date of publication, distribution, etc ২০২০.
300 ## - PHYSICAL DESCRIPTION
Pagination 134 p . :
Other physical details ill;
Dimensions 22 cm
650 ## - SUBJECT ADDED ENTRY--TOPICAL TERM
Topical term or geographic name as entry element success
700 ## - ADDED ENTRY--PERSONAL NAME
Personal name রশীদ, সাকিব বিন
942 ## - ADDED ENTRY ELEMENTS (KOHA)
Source of classification or shelving scheme Dewey Decimal Classification
Koha item type Books
Koha issues (borrowed), all copies 4
Holdings
Source of classification or shelving scheme Damaged status Not for loan Home library Current library Shelving location Date of accession Cost, normal purchase price Total Checkouts Full call number Barcode Checked out Date last seen Date checked out Copy number Koha item type
Dewey Decimal Classification     JCC Rouf Library JCC Rouf Library General Stacks 03/28/2020 191.00 13 158 SAD 2020 15780 03/05/2026 02/08/2026 02/08/2026 C-1 Books

JCC Library | Contacts | JCC Home

Last Update on 23 September 2017
Copyright @ 2017-2020 JCC Rouf Library
Rouf Library, Jhenidah Cadet College (JCC), Bangladesh